| 000 | 00777nam a2200205 i 4500 | ||
|---|---|---|---|
| 001 | 52419 | ||
| 003 | ES-MaACL | ||
| 005 | 20250806013356.0 | ||
| 007 | t| | ||
| 008 | 030829s1921 fr ||||1| fre d | ||
| 100 | 1 |
_aChavigny, Paul ( _d1869-1949) _9165410 |
|
| 245 | 1 | 0 |
_aDiagnostic des maladies simulées _b: (accidents du travail, conseils de révision et de reforme de l'armée et de la marine ...) / _cpar P. Chavigny ; préface de M. Pierret. |
| 250 | _a3ème. ed. | ||
| 260 |
_aParis : _bJ.-B. Baillère et fils, _c1921 ( _eCoulommiers : _fE. Dessait) |
||
| 300 |
_aXII, 543 p. ; _c21 cm. |
||
| 650 | 0 | 7 |
_aMedicina del trabajo _2embne _914922 |
| 700 | 1 |
_aPierret, Antoine Auguste, _d1845-1920 _9165411 |
|
| 852 |
_aES-MaACL _jB-11751 |
||
| 999 |
_c52419 _d52419 |
||